[Event "SpeedChess Final 2025"]
[Site "London ENG"]
[Date "2026.02.07"]
[Round "1.19"]
[White "Firouzja, Alireza"]
[Black "Nakamura, Hikaru"]
[Result "1-0"]
[WhiteTitle "GM"]
[BlackTitle "GM"]
[WhiteElo "2759"]
[BlackElo "2810"]
[WhiteFideId "12573981"]
[BlackFideId "2016192"]
[EventDate "2026.02.07"]
[EventType "k.o."]

1. d4 d5 2. c4 dxc4 3. e4 c5 4. d5 Nf6 5. Nc3 b5 6. Bf4 g5 7. Bxg5 b4 8. Bxf6
exf6 9. Na4 Bg7 10. Bxc4 f5 11. exf5 O-O 12. Ne2 Nd7 13. Rc1 Nb6 14. Nxc5 Bxb2
15. Rc2 Bxf5 16. Rxb2 Nxc4 17. Rxb4 Qa5 18. Qa4 Rfe8 19. Qxa5 Nxa5 20. Kd2 Red8
21. Nf4 Nc6 22. Ra4 Rac8 23. Rc1 Ne7 24. Nb3 Rxc1 25. Kxc1 Nxd5 26. Nxd5 Rxd5
27. Rxa7 Be6 28. Rc7 Rf5 29. Rc2 Rd5 30. Kb2 Rb5 31. Rc3 Rb4 32. a3 Rb8 33. a4
Bd5 34. Ka3 Kf8 35. g3 Ke7 36. Nd4 Ra8 37. Kb4 Kd6 38. Nb5+ Ke7 39. a5 Rb8 40.
a6 Bg2 41. a7 Rd8 42. f3 h5 43. Nc7 Rd4+ 44. Kc5 Ra4 45. a8=Q Rxa8 46. Nxa8 h4
47. Nb6 Kf6 48. Kd4 h3 49. Ke3 Kf5 50. Nd5 Ke6 51. Nf4+ Ke5 52. Nxg2 hxg2 53.
Kf2 f5 54. Kxg2 Kf6 55. h4 Kg6 56. Rc6+ Kf7 57. g4 Kg7 58. gxf5 Kf7 59. Kg3 Kg7
60. Kf4 Kf7 61. Kg5 Kg7 62. h5 Kf7 63. Rc7+ Ke8 64. h6 Kd8 65. Rg7 Ke8 66. h7 1-0

[Event "SpeedChess Final 2025"]
[Site "London ENG"]
[Date "2026.02.07"]
[Round "1.20"]
[White "Lazavik, Denis"]
[Black "Carlsen, Magnus"]
[Result "1/2-1/2"]
[WhiteTitle "GM"]
[BlackTitle "GM"]
[WhiteElo "2605"]
[BlackElo "2840"]
[WhiteFideId "13515110"]
[BlackFideId "1503014"]
[EventDate "2026.02.07"]
[EventType "k.o."]

1. c4 g6 2. d4 Bg7 3. e4 d6 4. Nc3 e5 5. Nf3 Nc6 6. d5 Nd4 7. Nxd4 exd4 8. Nb5
Qe7 9. Bd3 a6 10. Na3 c5 11. O-O g5 12. b4 b6 13. bxc5 bxc5 14. f4 gxf4 15. Bxf4
Be5 16. Qd2 Nf6 17. Bg5 h6 18. Bh4 Nxe4 19. Qe1 Ng5 20. Nc2 Rb8 21. Kh1 O-O 22.
Qf2 f5 23. Rae1 Qg7 24. Re2 Rb2 25. Ne1 Ne4 26. Qg1 Rxe2 27. Bxe2 d3 28. Nxd3
Bd4 29. Bf2 Nxf2+ 30. Nxf2 f4 31. Re1 Re8 32. Bf3 Re3 33. Qf1 Bf5 34. Rxe3 fxe3
35. Ne4 Qe5 36. Ng3 Bg6 37. Be2 Kg7 38. Qf3 Qf6 39. Qg4 Qf2 40. Qd7+ Kg8 41.
Qe6+ Kh7 42. Qd7+ Bg7 43. Qg4 h5 44. Qf3 Be5 45. Nf1 Qxf3 46. gxf3 h4 47. Nxe3
h3 48. Ng4 Bf4 49. Nf2 Bb1 50. Nxh3 Be3 51. a4 Kg6 52. Kg2 Bc2 53. Nf2 Bxa4 54.
Bd3+ Kf7 55. Ne4 Ke7 56. Ng3 Bf4 57. h4 Bd7 58. Ne2 Be5 59. f4 Bf6 60. h5 a5 61.
Bb1 a4 62. Kf3 a3 63. Ba2 Bf5 64. Ng3 Bd3 65. Ne4 Bd4 66. Ng3 Kf6 67. Ne4+ Bxe4+
68. Kxe4 Bb2 69. Bb1 Bc1 70. Kf3 Kg7 71. Kg4 Kh6 72. Ba2 Bd2 73. Bb1 Bc1 74. Ba2
Bd2 75. Bb1 Bc1 1/2-1/2

[Event "SpeedChess Final 2025"]
[Site "London ENG"]
[Date "2026.02.07"]
[Round "1.20"]
[White "Nakamura, Hikaru"]
[Black "Firouzja, Alireza"]
[Result "1/2-1/2"]
[WhiteTitle "GM"]
[BlackTitle "GM"]
[WhiteElo "2810"]
[BlackElo "2759"]
[WhiteFideId "2016192"]
[BlackFideId "12573981"]
[EventDate "2026.02.07"]
[EventType "k.o."]

1. d4 Nf6 2. Nf3 e6 3. c4 d5 4. g3 dxc4 5. Bg2 c5 6. O-O Nc6 7. dxc5 Qxd1 8.
Rxd1 Bxc5 9. Nbd2 c3 10. bxc3 O-O 11. Nb3 Be7 12. Nfd4 Nxd4 13. cxd4 Nd5 14. Bd2
f5 15. Na5 b6 16. Nc6 Bf6 17. Rdc1 Bb7 18. Ne5 Rac8 19. e3 Rxc1+ 20. Rxc1 Rc8
21. Rxc8+ Bxc8 22. Nc6 a5 23. Bf1 Bd7 24. Ne5 Bxe5 25. dxe5 Bc6 26. Bc4 Kf7 27.
f3 b5 28. Bxd5 Bxd5 29. Bxa5 Bxa2 30. Kf2 Bd5 31. e4 fxe4 32. fxe4 Bxe4 33. Ke3
Bd5 34. h4 Ke7 35. Bb4+ Kd7 36. Bf8 g6 37. g4 h5 38. g5 Kc6 39. Kd4 Bc4 40. Bb4
Bd5 41. Bc3 Bc4 42. Bd2 Bd5 43. Be1 Bc4 44. Bb4 Bd5 45. Ba3 Bc4 46. Be7 Bd5 47.
Bf8 Bc4 48. Bg7 Bd5 49. Bf8 1/2-1/2

[Event "SpeedChess Final 2025"]
[Site "London ENG"]
[Date "2026.02.07"]
[Round "1.21"]
[White "Carlsen, Magnus"]
[Black "Lazavik, Denis"]
[Result "1-0"]
[WhiteTitle "GM"]
[BlackTitle "GM"]
[WhiteElo "2840"]
[BlackElo "2605"]
[WhiteFideId "1503014"]
[BlackFideId "13515110"]
[EventDate "2026.02.07"]
[EventType "k.o."]

1. e4 c5 2. Nf3 e6 3. g3 Nc6 4. Bg2 Nf6 5. d3 Be7 6. O-O O-O 7. e5 Nd5 8. Re1 d6
9. c4 Nc7 10. exd6 Bxd6 11. Nc3 e5 12. Be3 Bg4 13. h3 Bh5 14. g4 Bg6 15. Ng5 Be7
16. Nge4 Nd4 17. Ng3 Rb8 18. Nd5 Nxd5 19. Bxd5 b5 20. Bxd4 exd4 21. b3 bxc4 22.
Bxc4 Bd6 23. Qf3 Kh8 24. Re2 Bxg3 25. Qxg3 f5 26. Rae1 fxg4 27. hxg4 Qg5 28. Re5
Qd2 29. R1e2 Qc1+ 30. Kg2 Rbc8 31. Re7 Qg5 32. Rxa7 Be8 33. Ra6 Bc6+ 34. Rxc6
Rxc6 35. Re5 Qd2 36. Rf5 Rcc8 37. Qf3 Rxf5 38. Qxf5 Re8 39. a4 Qh6 40. Qxc5 Qf4
41. Qf5 Qd6 42. a5 Rf8 43. Qe4 Qf6 44. f3 Qg5 45. a6 Qd2+ 46. Kg3 Qa2 47. Qxd4
Qb1 48. Qe3 Qa1 49. b4 h5 50. gxh5 Qf6 51. b5 Qd6+ 52. f4 Qf6 53. Qe5 Qh6 54. a7
Qb6 55. h6 Qxh6 56. Qc5 Qg6+ 57. Kf3 Qf6 58. Qxf8+ Qxf8 59. Bd5 Kh7 60. a8=Q Qe8
61. Be4+ 1-0

[Event "SpeedChess Final 2025"]
[Site "London ENG"]
[Date "2026.02.07"]
[Round "1.21"]
[White "Firouzja, Alireza"]
[Black "Nakamura, Hikaru"]
[Result "1/2-1/2"]
[WhiteTitle "GM"]
[BlackTitle "GM"]
[WhiteElo "2759"]
[BlackElo "2810"]
[WhiteFideId "12573981"]
[BlackFideId "2016192"]
[EventDate "2026.02.07"]
[EventType "k.o."]

1. d4 Nf6 2. c4 e6 3. Nf3 d5 4. Nc3 Be7 5. Bf4 O-O 6. e3 c5 7. dxc5 Bxc5 8. a3
Nc6 9. Qc2 Bd6 10. Bg5 dxc4 11. Bxc4 Ne5 12. Nxe5 Bxe5 13. Rd1 Qc7 14. Nb5 Qb6
15. O-O h6 16. Bh4 a6 17. Nd4 Qc7 18. Nf3 b5 19. Nxe5 Qxe5 20. Bd3 Bb7 21. Bg3
Qg5 22. Qc7 Bd5 23. h4 Qh5 24. f3 Rfc8 25. Qe5 Bc4 26. Qxh5 Nxh5 27. Be5 Nf6 28.
Bxc4 Rxc4 29. e4 Rac8 30. Rd2 R4c5 31. Bc3 Ne8 32. Rfd1 f6 33. Rd7 R5c7 34. Rxc7
Rxc7 35. Rd8 Kf7 36. Ra8 Rc6 37. Ra7+ Kg8 38. e5 fxe5 39. Bxe5 Nf6 40. g4 Rc5
41. Bc3 Rc6 42. g5 hxg5 43. hxg5 Nd5 44. Bxg7 Kh7 45. Bd4+ Kg6 46. Rg7+ Kf5 47.
Rf7+ Kxg5 48. Kf2 Rc4 49. Be5 Rc2+ 50. Kg3 Ne3 51. f4+ Kh5 52. Kf3 Nf5 53. Rf6
Rc6 54. Ke4 Ng3+ 55. Kf3 Nf5 56. Rf8 Kg6 57. Kg4 Nh6+ 58. Kf3 Nf5 59. Rf6+ Kh5 1/2-1/2

[Event "SpeedChess Final 2025"]
[Site "London ENG"]
[Date "2026.02.07"]
[Round "1.22"]
[White "Lazavik, Denis"]
[Black "Carlsen, Magnus"]
[Result "1-0"]
[WhiteTitle "GM"]
[BlackTitle "GM"]
[WhiteElo "2605"]
[BlackElo "2840"]
[WhiteFideId "13515110"]
[BlackFideId "1503014"]
[EventDate "2026.02.07"]
[EventType "k.o."]

1. d4 Nf6 2. c4 e6 3. Nc3 Bb4 4. a3 Bxc3+ 5. bxc3 Nc6 6. f3 b6 7. e4 Ba6 8. Bd3
d6 9. f4 Qd7 10. Nf3 O-O-O 11. O-O Na5 12. Qe2 Qa4 13. Nd2 h5 14. Rb1 h4 15. Rb4
Qc6 16. Nf3 h3 17. g3 Nd7 18. Be3 f6 19. Rfb1 e5 20. fxe5 fxe5 21. Ng5 exd4 22.
cxd4 Nf6 23. d5 Qd7 24. c5 Bxd3 25. Qxd3 dxc5 26. Bxc5 Nb7 27. Be3 Kb8 28. Qa6
Nd6 29. Ne6 Nfxe4 30. Nxc7 Qxc7 31. Bxb6 1-0

[Event "SpeedChess Final 2025"]
[Site "London ENG"]
[Date "2026.02.07"]
[Round "1.22"]
[White "Nakamura, Hikaru"]
[Black "Firouzja, Alireza"]
[Result "1-0"]
[WhiteTitle "GM"]
[BlackTitle "GM"]
[WhiteElo "2810"]
[BlackElo "2759"]
[WhiteFideId "2016192"]
[BlackFideId "12573981"]
[EventDate "2026.02.07"]
[EventType "k.o."]

1. d4 Nf6 2. Nf3 d5 3. c4 c6 4. e3 Bf5 5. Nc3 e6 6. Nh4 Be4 7. f3 Bg6 8. Qb3 Qc7
9. Nxg6 hxg6 10. Bd2 Be7 11. O-O-O a6 12. cxd5 cxd5 13. Kb1 Nc6 14. Rc1 Rc8 15.
Ne2 b5 16. h4 Nd7 17. e4 Nb6 18. exd5 exd5 19. Nf4 Qd7 20. Bd3 Nc4 21. Qd1 Bf6
22. Re1+ Kf8 23. g3 Bxd4 24. Bc3 Bxc3 25. Rxc3 d4 26. Bxc4 bxc4 27. Rxc4 Kg8 28.
Qc2 d3 29. Qxd3 Qxd3+ 30. Nxd3 Rd8 31. Re3 Nd4 32. Ne5 Nf5 33. Ra3 Nxg3 34. Rxa6
Rh5 35. Nc6 Rd1+ 36. Kc2 Rh1 37. a4 Nf5 38. Re4 Nd6 39. Ne7+ 1-0

[Event "SpeedChess Final 2025"]
[Site "London ENG"]
[Date "2026.02.07"]
[Round "1.23"]
[White "Carlsen, Magnus"]
[Black "Lazavik, Denis"]
[Result "1-0"]
[WhiteTitle "GM"]
[BlackTitle "GM"]
[WhiteElo "2840"]
[BlackElo "2605"]
[WhiteFideId "1503014"]
[BlackFideId "13515110"]
[EventDate "2026.02.07"]
[EventType "k.o."]

1. e4 c5 2. Nf3 Nc6 3. Bb5 e6 4. O-O Nge7 5. Re1 Nd4 6. Bf1 Nec6 7. c3 Nxf3+ 8.
Qxf3 Be7 9. d3 O-O 10. Qg3 Bh4 11. Qh3 d6 12. Nd2 e5 13. Qf3 f5 14. g3 Bg5 15.
exf5 Bxf5 16. Qd5+ Kh8 17. Nc4 Bxc1 18. Raxc1 Rf6 19. Bg2 Qf8 20. Rf1 Rd8 21.
Ne3 Be6 22. Qe4 d5 23. Qa4 d4 24. Nc4 dxc3 25. bxc3 Rxd3 26. Bxc6 bxc6 27. Nxe5
Rd2 28. f4 Rxa2 29. Qd1 Bd5 30. Rc2 Rxc2 31. Qxc2 Be6 32. c4 Bf5 33. Qf2 h6 34.
Ra1 Qe7 35. Qe3 Kh7 36. g4 Bg6 37. Kg2 Rd6 38. Kg3 Rd4 39. Re1 Qd6 40. Qf2 Rd2
41. Qf3 Rd4 42. h4 Bc2 43. h5 a5 44. Qc3 Bd3 45. Re3 Be4 46. Qxa5 Bh1 47. Qa2
Rd1 48. Qc2+ Kg8 49. Ng6 Rd2 50. Qf5 Qd8 51. Qe6+ Kh7 52. Qf5 Kg8 53. Qe6+ Kh7
54. Qe8 Rg2+ 55. Kh3 Rd2 56. Nf8+ Kg8 57. Ng6+ Kh7 58. Qxd8 Rxd8 59. Kh2 Rd1 60.
Re8 Rd2+ 61. Kg1 Rg2+ 62. Kf1 1-0

[Event "SpeedChess Final 2025"]
[Site "London ENG"]
[Date "2026.02.07"]
[Round "1.23"]
[White "Firouzja, Alireza"]
[Black "Nakamura, Hikaru"]
[Result "1/2-1/2"]
[WhiteTitle "GM"]
[BlackTitle "GM"]
[WhiteElo "2759"]
[BlackElo "2810"]
[WhiteFideId "12573981"]
[BlackFideId "2016192"]
[EventDate "2026.02.07"]
[EventType "k.o."]

1. d4 d5 2. c4 dxc4 3. e4 c5 4. d5 Nf6 5. Nc3 b5 6. Nf3 b4 7. Na4 e6 8. Bxc4
exd5 9. exd5 Bd6 10. Qe2+ Qe7 11. Qxe7+ Kxe7 12. O-O Nbd7 13. Re1+ Kf8 14. Be3
Nb6 15. Bb5 Bd7 16. Nxb6 axb6 17. Bxd7 Nxd7 18. Nd2 Bc7 19. Ne4 h6 20. d6 Bd8
21. g4 Ne5 22. Kg2 Nxg4 23. Bf4 f5 24. Ng3 g6 25. d7 Kf7 26. a3 bxa3 27. bxa3
Nf6 28. Rad1 Ra7 29. Be5 Rg8 30. Bxf6 Bxf6 31. Rd6 Rd8 32. Ree6 Bg7 33. Rxg6
Rdxd7 34. Rxb6 Rd5 35. Nh5 Bf8 36. Rgf6+ Kg8 37. Rb8 Rf7 38. Rc6 Rd4 39. Rxc5
Kh7 40. Rc6 Rg4+ 41. Kf3 Ra4 42. Nf6+ Kg7 43. Nh5+ Kh7 44. Kg2 Rxa3 45. Nf6+ Kg7
46. Nh5+ Kh7 47. Rf6 Rxf6 48. Nxf6+ Kg7 49. Nh5+ Kf7 50. Rb7+ Be7 51. Nf4 Ra5
52. Rd7 Kf6 53. Nd5+ Ke6 54. Rxe7+ Kxd5 55. Rf7 Ke5 56. Re7+ Kf6 57. Rh7 Kg6 58.
Rh8 Ra4 59. Rg8+ Kf7 60. Rb8 Rg4+ 61. Kf3 Rh4 62. Kg3 Rg4+ 63. Kf3 Ra4 64. Kg3
Kg6 65. Rb6+ Kg7 66. h3 Ra3+ 67. Kf4 Rxh3 68. Kxf5 Rf3+ 69. Kg4 Rxf2 70. Kg3 Rf5
71. Rb4 Ra5 72. Rg4+ Kh7 73. Rf4 h5 74. Kh4 Kg6 75. Rb4 Ra6 76. Rc4 Rd6 77. Rb4
Kh6 78. Ra4 Re6 79. Rb4 Rf6 80. Ra4 Rf5 81. Ra6+ Kg7 82. Rb6 Rd5 83. Rc6 Kf7 84.
Rb6 Ke7 85. Rh6 Rd1 86. Rxh5 Rg1 87. Rg5 Rf1 88. Kg3 Kf6 89. Rg4 Rg1+ 90. Kf3
Rc1 91. Rf4+ Ke5 92. Re4+ Kd5 93. Re8 Rf1+ 94. Ke2 Rf7 95. Rd8+ Kc6 96. Re8 Rh7
97. Re3 Kc5 98. Re5+ Kc4 99. Re8 Rh2+ 100. Kf3 Rh3+ 101. Kf4 Rh7 102. Kf5 Rf7+
103. Ke6 Rf1 104. Rc8+ Kb5 105. Rb8+ Ka6 106. Ra8+ Kb7 107. Ra5 Re1+ 108. Re5
Rh1 109. Rf5 Kc6 110. Ke5 Ra1 111. Kf4 Kd6 112. Rh5 Rf1+ 113. Ke3 Rf8 114. Ke4
Kc6 115. Kd4 Rg8 116. Kc4 Rg4+ 117. Kd3 Rf4 118. Ke3 Ra4 119. Kd3 Kd7 120. Ke3
Ke7 121. Kd3 Kf7 122. Ke3 Ra3+ 123. Kd4 Kg6 124. Rc5 Ra4+ 125. Rc4 Ra8 126. Rc5
Kf6 127. Kc4 Ke6 128. Rc6+ Ke5 129. Rc5+ Ke4 130. Rc6 Ra4+ 131. Kb5 Ra1 132.
Rc4+ Kd3 133. Ra4 Rb1+ 134. Rb4 Rh1 135. Rb3+ Kd4 136. Rb4+ 1/2-1/2

[Event "SpeedChess Final 2025"]
[Site "London ENG"]
[Date "2026.02.07"]
[Round "1.24"]
[White "Lazavik, Denis"]
[Black "Carlsen, Magnus"]
[Result "0-1"]
[WhiteTitle "GM"]
[BlackTitle "GM"]
[WhiteElo "2605"]
[BlackElo "2840"]
[WhiteFideId "13515110"]
[BlackFideId "1503014"]
[EventDate "2026.02.07"]
[EventType "k.o."]

1. d4 e6 2. Nf3 d5 3. Bf4 Bd6 4. e3 Bxf4 5. exf4 Qd6 6. Qd2 b6 7. Nc3 Ne7 8. h4
c5 9. h5 h6 10. O-O-O Nbc6 11. Bb5 Bd7 12. Rhe1 cxd4 13. Nxd4 Nxd4 14. Qxd4 Bxb5
15. Nxb5 Qc6 16. Nc3 O-O 17. g4 b5 18. f5 a5 19. f6 b4 20. Ne2 Rac8 21. Rd2 gxf6
22. Qxf6 Rfe8 23. Qxh6 Qc4 24. b3 Qe4 25. Red1 Rc5 26. Ng3 Qh7 27. Qxh7+ Kxh7
28. f4 Rec8 29. Kb2 Rc3 30. Ne2 Rf3 31. Rd3 Rf2 32. R1d2 Rg8 33. g5 Nf5 34. a3
Rc8 35. axb4 axb4 36. h6 Kg6 37. Kc1 Rf1+ 38. Rd1 Rf2 39. R3d2 Ne3 40. Rh1 Kh7
41. Rh3 Rf1+ 42. Kb2 Nd1+ 43. Rxd1 Rxd1 44. Nc1 Rd2 45. Nd3 Rcxc2+ 46. Kb1 Rc3 0-1

[Event "SpeedChess Final 2025"]
[Site "London ENG"]
[Date "2026.02.07"]
[Round "1.24"]
[White "Nakamura, Hikaru"]
[Black "Firouzja, Alireza"]
[Result "0-1"]
[WhiteTitle "GM"]
[BlackTitle "GM"]
[WhiteElo "2810"]
[BlackElo "2759"]
[WhiteFideId "2016192"]
[BlackFideId "12573981"]
[EventDate "2026.02.07"]
[EventType "k.o."]

1. d4 Nf6 2. Nf3 g6 3. g3 Bg7 4. Bg2 O-O 5. O-O d6 6. c4 Ne4 7. Ne1 f5 8. f3 Nf6
9. e4 e5 10. d5 c6 11. Nc3 fxe4 12. Nxe4 Nxe4 13. fxe4 Qb6+ 14. Kh1 Rxf1+ 15.
Bxf1 Na6 16. Nd3 Bd7 17. Qe2 Rf8 18. Be3 Qa5 19. Bg2 cxd5 20. cxd5 Bb5 21. Qd1
Nb4 22. Ne1 Qd8 23. a3 Na6 24. b4 Qf6 25. Qd2 Bf1 26. Nd3 Bxg2+ 27. Qxg2 Nc7 28.
Rc1 Nb5 29. a4 Nd4 30. Bxd4 exd4 31. Rd1 Bh6 32. h3 Be3 33. Kh2 Qe7 34. Re1 Qc7
35. Qe2 Qe7 36. Qg2 h5 37. h4 Kg7 38. Re2 Qd7 39. Rc2 Qxa4 40. Rc7+ Kh6 41. e5
Qd1 42. e6 Qxd3 43. e7 Re8 44. Qf3 Qf5 45. Qe2 Qe4 46. Qf1 Kg7 47. Rd7 Rxe7 48.
Rd8 Rf7 49. Qg2 Rf2 50. Qxf2 Bxf2 0-1

[Event "SpeedChess Final 2025"]
[Site "London ENG"]
[Date "2026.02.07"]
[Round "1.25"]
[White "Carlsen, Magnus"]
[Black "Lazavik, Denis"]
[Result "0-1"]
[WhiteTitle "GM"]
[BlackTitle "GM"]
[WhiteElo "2840"]
[BlackElo "2605"]
[WhiteFideId "1503014"]
[BlackFideId "13515110"]
[EventDate "2026.02.07"]
[EventType "k.o."]

1. d4 Nf6 2. Bf4 g6 3. Nc3 d5 4. e3 Bg7 5. Nb5 Na6 6. Nc3 Nb8 7. Nb5 Na6 8. Nf3
O-O 9. h3 Ne4 10. c3 f6 11. Be2 e5 12. Bh2 c6 13. Na3 Nc7 14. O-O exd4 15. cxd4
Qe7 16. Nb1 Ne6 17. Nc3 f5 18. Ne5 Nxc3 19. bxc3 f4 20. Qd2 fxe3 21. Qxe3 Ng5
22. Rae1 Bf5 23. g4 Be6 24. f4 Ne4 25. Bf3 Rae8 26. c4 Nd6 27. Nxg6 hxg6 28.
cxd5 cxd5 29. Qxe6+ Qxe6 30. Rxe6 Rxe6 31. Bxd5 Bxd4+ 32. Kg2 Re8 33. f5 gxf5
34. Bxd6 Kg7 35. Bxe6 Rxe6 36. Bf4 fxg4 37. hxg4 Re2+ 38. Kf3 Rxa2 39. Rd1 Bb6
40. Rd7+ Kg6 41. Rd6+ Kf7 42. g5 Rf2+ 43. Kg3 Rf1 44. g6+ Ke7 45. Bg5+ Kxd6 46.
g7 Rg1+ 47. Kh4 Rh1+ 48. Kg4 Rg1+ 49. Kh4 Bf2+ 50. Kh5 Be3 0-1

[Event "SpeedChess Final 2025"]
[Site "London ENG"]
[Date "2026.02.07"]
[Round "1.25"]
[White "Firouzja, Alireza"]
[Black "Nakamura, Hikaru"]
[Result "1-0"]
[WhiteTitle "GM"]
[BlackTitle "GM"]
[WhiteElo "2759"]
[BlackElo "2810"]
[WhiteFideId "12573981"]
[BlackFideId "2016192"]
[EventDate "2026.02.07"]
[EventType "k.o."]

1. e4 e5 2. Nf3 Nc6 3. Bc4 Nf6 4. d3 Bc5 5. c3 d6 6. Bg5 h6 7. Bh4 a6 8. a4 Ba7
9. Nbd2 Qe7 10. O-O g5 11. Bg3 Nh7 12. b4 h5 13. h4 g4 14. Ne1 Nf8 15. Nc2 Ng6
16. Ne3 Nxh4 17. Nd5 Qd8 18. Bxh4 Qxh4 19. Nxc7+ Kd8 20. Nxa8 g3 21. Nf3 gxf2+
22. Rxf2 Qxf2+ 23. Kh1 h4 24. Qf1 h3 25. Qxf2 Bxf2 26. Ng5 Ke7 27. Rf1 hxg2+ 28.
Kxg2 Rg8 29. Kxf2 Rxg5 30. Nb6 Be6 31. Nd5+ Kf8 32. b5 axb5 33. axb5 Ne7 34. Ra1
Nxd5 35. exd5 Bh3 36. Ra7 Rg2+ 37. Kf3 f5 38. Rxb7 Rb2 39. b6 f4 40. d4 Bg2+ 41.
Kg4 f3 42. dxe5 f2 43. e6 f1=Q 44. Bxf1 Bxf1 45. Rf7+ Ke8 46. Rxf1 Rxb6 47. Kf5
Rb2 48. c4 1-0

[Event "SpeedChess Final 2025"]
[Site "London ENG"]
[Date "2026.02.07"]
[Round "1.26"]
[White "Lazavik, Denis"]
[Black "Carlsen, Magnus"]
[Result "0-1"]
[WhiteTitle "GM"]
[BlackTitle "GM"]
[WhiteElo "2605"]
[BlackElo "2840"]
[WhiteFideId "13515110"]
[BlackFideId "1503014"]
[EventDate "2026.02.07"]
[EventType "k.o."]

1. d4 Nf6 2. c4 g6 3. Nc3 Bg7 4. e4 O-O 5. Be2 d6 6. Nf3 e5 7. O-O Nc6 8. d5 Ne7
9. b4 a5 10. bxa5 c5 11. a4 Rxa5 12. Ra3 Ra6 13. Bd2 h6 14. Qc1 Kh7 15. Re1 Ne8
16. g3 f5 17. exf5 Nxf5 18. Ne4 Nf6 19. Bd3 Bd7 20. Qc2 Qe8 21. a5 Nxe4 22. Bxe4
b6 23. Rea1 bxa5 24. Rxa5 Rxa5 25. Rxa5 Nd4 26. Nxd4 exd4 27. Ra7 Bf5 28. Bxf5
Rxf5 29. Qd3 Rf7 30. Ra6 Bf8 31. Bf4 Qc8 32. Rc6 Qe8 33. h4 Kg7 34. Kg2 Qd7 35.
Qd2 Kh7 36. Qd3 Kg7 37. Qe4 Re7 38. Qf3 Rf7 39. Qd3 Rf6 40. Ra6 Qf7 41. Ra2 Rf5
42. Re2 g5 43. hxg5 hxg5 44. Bd2 Qg6 45. Qe4 Rf7 46. Qg4 Be7 47. Re6 Qc2 48. Qe2
Kf8 49. g4 d3 50. Qe3 Qxc4 51. f3 Qxd5 52. Re4 Bf6 53. Qe1 Re7 54. Rxe7 Bxe7 55.
Bc3 Kf7 56. Qh1 Ke8 57. Qh7 c4 58. Qg6+ Kd7 59. Bd2 Qe6 0-1

[Event "SpeedChess Final 2025"]
[Site "London ENG"]
[Date "2026.02.07"]
[Round "1.26"]
[White "Nakamura, Hikaru"]
[Black "Firouzja, Alireza"]
[Result "0-1"]
[WhiteTitle "GM"]
[BlackTitle "GM"]
[WhiteElo "2810"]
[BlackElo "2759"]
[WhiteFideId "2016192"]
[BlackFideId "12573981"]
[EventDate "2026.02.07"]
[EventType "k.o."]

1. d4 Nf6 2. Nf3 g6 3. c4 Bg7 4. Nc3 O-O 5. e4 d6 6. Be2 e5 7. dxe5 dxe5 8. Qxd8
Rxd8 9. Nd5 Ne8 10. Ne7+ Kf8 11. Nxc8 Rxc8 12. Be3 Nc6 13. c5 Rd8 14. a3 Nd4 15.
Bxd4 exd4 16. Bd3 c6 17. b4 Nc7 18. Kd2 a5 19. Kc2 Ra7 20. Nd2 Rda8 21. Kb2 Nb5
22. Nc4 axb4 23. axb4 Nc3 24. Rxa7 Rxa7 25. Kb3 Ra2 26. Rf1 g5 27. h3 h5 28. g3
g4 29. hxg4 hxg4 30. Nb2 Be5 31. Rh1 Bf6 32. Rc1 Ra8 33. Rh1 Re8 34. Nc4 Nxe4
35. Rf1 Nc3 36. Nd6 Re7 37. Ra1 Re6 38. Ra8+ Ke7 39. Re8+ Kd7 40. Bf5 d3 41. Rf8
d2 42. Rxf7+ Kd8 43. Bxg4 Be7 44. Kc2 Bxd6 45. cxd6 Rxd6 46. Kxc3 d1=Q 47. Bxd1
Rxd1 48. Rxb7 Rc1+ 49. Kd4 Rd1+ 50. Ke3 Rb1 51. g4 c5 52. b5 Rb3+ 53. Ke4 Rb4+
54. Kf5 c4 55. g5 c3 56. g6 Rf4+ 57. Ke5 c2 58. Rb8+ Kc7 59. g7 Rg4 60. g8=Q
Rxg8 61. Rxg8 c1=Q 62. Rg7+ Kb6 63. Rf7 Qc3+ 64. Ke6 Qc4+ 65. Ke7 Qe4+ 66. Kf8
Qb4+ 67. Kg7 Qg4+ 68. Kf8 Kxb5 69. f4 Kc6 70. f5 Kd6 71. Rf6+ Ke5 72. Rf7 Qg5
73. Ke8 Qg8+ 74. Ke7 Qb8 75. Rf8 Qd6+ 76. Ke8 Qc7 77. Rf7 Qb8+ 78. Ke7 Qc8 79.
Rf8 Qc7+ 80. Ke8 Qc5 81. Rf7 Qa3 82. Kd7 Qb3 83. Ke8 Kd6 84. Rf6+ Kd5 85. Rf7
Qb8+ 86. Ke7 Qc7+ 87. Ke8 Qc8+ 88. Ke7 Qh8 89. Rf8 Qh4+ 90. Ke8 Ke5 91. Rf7 Qg5
92. Kd7 Qg8 93. Ke7 Qh8 94. Rf8 Qh4+ 95. Ke8 Qb4 96. Rf7 Qb8+ 97. Ke7 Qa8 98.
Rf8 Qa7+ 99. Ke8 Kf4 100. Rf7 Qe3+ 101. Kf8 Kg5 102. f6 Kg6 103. Re7 Qc5 104.
Ke8 0-1

[Event "SpeedChess Final 2025"]
[Site "London ENG"]
[Date "2026.02.07"]
[Round "1.27"]
[White "Firouzja, Alireza"]
[Black "Nakamura, Hikaru"]
[Result "1/2-1/2"]
[WhiteTitle "GM"]
[BlackTitle "GM"]
[WhiteElo "2759"]
[BlackElo "2810"]
[WhiteFideId "12573981"]
[BlackFideId "2016192"]
[EventDate "2026.02.07"]
[EventType "k.o."]

1. d4 d5 2. c4 dxc4 3. Nf3 Nf6 4. e3 e6 5. Bxc4 c5 6. O-O Nbd7 7. Nc3 a6 8. Bd3
b6 9. Qe2 Bb7 10. Rd1 Qb8 11. h3 Bd6 12. dxc5 Nxc5 13. Bc2 O-O 14. e4 Ncd7 15.
Bg5 Bf4 16. Bxf4 Qxf4 17. Rd4 Ne5 18. Nxe5 Qxe5 19. Qe3 Rac8 20. Rad1 b5 21. Bb3
g5 22. a4 Rc5 23. axb5 axb5 24. Rb4 Rfc8 25. Qd4 Qxd4 26. Rdxd4 Bc6 27. f3 Nd7
28. Bd1 Ne5 29. Be2 Rb8 30. Kf2 Be8 31. Rd1 Kf8 32. Ra1 Rd8 33. Ke3 Rb8 34. g3
h6 35. f4 gxf4+ 36. gxf4 Nc4+ 37. Bxc4 Rxc4 38. Rxc4 bxc4 39. Ra2 Rd8 40. Kf2
Rd3 41. Kg2 f6 42. Ra6 Bd7 43. Rb6 h5 44. h4 Ke7 45. Rb7 Kd6 46. e5+ fxe5 47.
fxe5+ Kxe5 48. Kf2 Kf4 49. Rc7 Rd2+ 50. Ke1 Rd6 51. Rxc4+ Kf5 52. Ne4 Rb6 53.
Ng3+ Ke5 54. Nxh5 Rxb2 55. Rg4 Bb5 56. Ng3 Bd3 57. h5 Rh2 58. Kd1 Kf6 59. Ke1
Bf5 60. Nxf5 exf5 61. Ra4 Kg5 62. Kf1 f4 63. Kg1 Rb2 64. h6 Kxh6 65. Rxf4 Kg5
66. Rf8 Rb1+ 67. Rf1 Rb2 68. Rf2 Rb1+ 69. Rf1 Rxf1+ 70. Kxf1 1/2-1/2

[Event "SpeedChess Final 2025"]
[Site "London ENG"]
[Date "2026.02.07"]
[Round "1.28"]
[White "Nakamura, Hikaru"]
[Black "Firouzja, Alireza"]
[Result "0-1"]
[WhiteTitle "GM"]
[BlackTitle "GM"]
[WhiteElo "2810"]
[BlackElo "2759"]
[WhiteFideId "2016192"]
[BlackFideId "12573981"]
[EventDate "2026.02.07"]
[EventType "k.o."]

1. d4 Nf6 2. Nf3 d5 3. c4 e6 4. e3 b6 5. b3 Bb7 6. cxd5 exd5 7. Ba3 Bxa3 8. Nxa3
O-O 9. Bd3 c5 10. O-O Nc6 11. dxc5 bxc5 12. Rc1 Qe7 13. Nb5 Rad8 14. Re1 Rfe8
15. Bf1 Ne4 16. Nc3 Nxc3 17. Rxc3 Qd6 18. Rc1 d4 19. exd4 Nxd4 20. Nxd4 cxd4 21.
Rxe8+ Rxe8 22. Rc4 Rd8 23. Bd3 Ba6 24. Ra4 Bxd3 25. Qxd3 Rd7 26. Rc4 g6 27. h4
Qe5 28. g3 Kg7 29. b4 Qb5 30. Kg2 h5 31. Kf3 Qa6 32. a3 Qb7+ 33. Qe4 Qb6 34.
Qe5+ Kh7 35. Rc8 Qb7+ 0-1